Les sites archéologiques les plus célébres - Statistiques

Statistiques générales
  • Ce quiz a été pris 216 fois
  • Le résultat moyen est 16 sur 22
Statistiques - réponses
Nom Pays % Correct
L'Acropole Grèce
99%
Colisée Italie
98%
La grande muraille Chine
97%
Stonehenge Angleterre
94%
Louxor Egypte
94%
Machu picchu Pérou
94%
Carnac France
88%
Ephèse (temple d'Artémis) Turquie
88%
Mont Rushmore Etats Unis
85%
Chichén Itzà Mexique
85%
Petra Jordanie
84%
Carthage Tunisie
78%
Angkor Wat Cambodge
77%
Ellora Inde
69%
Palmyre Syrie
69%
Wat Ratchaburana Thailande
63%
Newgrange Irlande
55%
Volubilis Maroc
47%
Temple de Borobudur Indonésie
45%
Baalbek Liban
41%
Bagan Birmanie
37%
Tiwanaku Bolivie
26%
Aucun quiz correspondant
Distribution des résultats
% des personnes avec chaque résultat
Percentile par nombre de réponses
Votre historique - résultats
Vous n’avez pas pris ce quiz